[Event "BL 1819 BCA Augsburg - USV TU Dresden"]
[Site "?"]
[Date "2019.03.02"]
[Round "10.3"]
[White "Neef, Maximilian"]
[Black "Postny, Evgeny"]
[Result "1/2-1/2"]
[WhiteElo "2476"]
[BlackElo "2619"]
[PlyCount "66"]
[EventDate "2019.??.??"]

1. Nf3 Nf6 2. g3 b5 3. Bg2 Bb7 4. Na3 a6 5. c4 b4 6. Nc2 e6 7. d4 a5 8. O-O Be7
9. d5 Na6 10. Nfd4 Nc5 11. Nb3 exd5 12. cxd5 O-O 13. Bf4 Nxb3 14. axb3 d6 15.
Ne3 Qd7 16. Nc4 Qb5 17. e4 a4 18. Re1 axb3 19. Qxb3 Nd7 20. Na3 Qb6 21. Be3 Nc5
22. Bxc5 Qxc5 23. Rec1 Qb6 24. Nc2 Bf6 25. Qxb4 Bxb2 26. Qxb6 cxb6 27. Rxa8
Rxa8 28. Rb1 Ra2 29. Bf1 Bf6 30. Rxb6 Rxc2 31. Rxb7 g5 32. Rb3 Bd4 33. Rf3 Kg7
1/2-1/2

[Event "BL 1819 BCA Augsburg - USV TU Dresden"]
[Site "?"]
[Date "2019.03.02"]
[Round "10.4"]
[White "Prusikin, Michael"]
[Black "Boensch, Uwe"]
[Result "1/2-1/2"]
[WhiteElo "2523"]
[BlackElo "2534"]
[PlyCount "52"]
[EventDate "2019.??.??"]

1. d4 d5 2. c4 e6 3. Nc3 Nf6 4. cxd5 exd5 5. Bg5 c6 6. Qc2 Na6 7. e3 Nb4 8. Qb1
a5 9. a3 Na6 10. Bd3 h6 11. Bh4 Be7 12. Nf3 O-O 13. O-O Be6 14. Qc2 Nd7 15. Bg3
c5 16. Rad1 Rc8 17. Bh7+ Kh8 18. Bf5 Qb6 19. Bxe6 fxe6 20. Be5 Bf6 21. Bxf6
Nxf6 22. Ne5 Kg8 23. Ng6 Rfe8 24. Ne2 Rc7 25. Qb1 Nb8 26. dxc5 Rxc5 1/2-1/2

[Event "BL 1819 BCA Augsburg - USV TU Dresden"]
[Site "?"]
[Date "2019.03.02"]
[Round "10.5"]
[White "Maiwald, Jens-Uwe"]
[Black "Arnaudov, G. Petar"]
[Result "1/2-1/2"]
[WhiteElo "2434"]
[BlackElo "2462"]
[PlyCount "89"]
[EventDate "2019.??.??"]

1. Nf3 Nf6 2. g3 d5 3. Bg2 e6 4. O-O c5 5. d3 Nc6 6. Nbd2 g6 7. e4 Bg7 8. exd5
Nxd5 9. Nb3 b6 10. c3 O-O 11. d4 Ba6 12. Re1 cxd4 13. Nbxd4 Nxd4 14. Nxd4 Qd7
15. a4 Rac8 16. Nb5 Bxb5 17. axb5 Qxb5 18. Rxa7 Ra8 19. Rxa8 Rxa8 20. Qc2 Qc5
21. Qb3 b5 22. Bf1 b4 23. c4 Bd4 24. Qf3 Nb6 25. b3 Ra2 26. Re2 Rxe2 27. Bxe2
Kg7 28. Bd2 e5 29. Kg2 Qd6 30. Be1 Nd7 31. Kf1 Bc5 32. Qd3 Qxd3 33. Bxd3 f5 34.
f3 Nb8 35. Bd2 Kf6 36. Bc2 h5 37. h3 Nc6 38. Bd1 g5 39. Be1 f4 40. Ke2 Nd4+ 41.
Kd3 Nf5 42. g4 Ng3 43. Be2 hxg4 44. hxg4 Ke6 45. Bxg3 1/2-1/2

[Event "BL 1819 BCA Augsburg - USV TU Dresden"]
[Site "?"]
[Date "2019.03.02"]
[Round "10.6"]
[White "Rozentalis, Eduardas"]
[Black "Tischbierek, Raj"]
[Result "1-0"]
[WhiteElo "2539"]
[BlackElo "2443"]
[PlyCount "83"]
[EventDate "2019.??.??"]

1. e4 d6 2. d4 Nf6 3. Nc3 g6 4. Nf3 Bg7 5. Be2 O-O 6. O-O c5 7. d5 e6 8. Nd2
exd5 9. exd5 Nbd7 10. Nc4 Nb6 11. Ne3 Ne8 12. a4 f5 13. f4 Nc7 14. Nb5 Nxb5 15.
axb5 a6 16. bxa6 bxa6 17. c3 a5 18. Bd2 Re8 19. g4 fxg4 20. Bxg4 Bxg4 21. Qxg4
Nd7 22. f5 Ne5 23. Qg3 Ra7 24. fxg6 hxg6 25. Ng4 Qc8 26. Nf6+ Bxf6 27. Rxf6 Rf7
28. Rxf7 Kxf7 29. Rf1+ Kg7 30. Bf4 Qd7 31. Bg5 Kg8 32. Bf6 Qh7 33. Bxe5 Rxe5
34. Rf6 g5 35. Qf3 Re8 36. Kg2 Qc2+ 37. Kg3 c4 38. Rxd6 Qd3 39. Re6 Rd8 40. Re5
g4 41. Rg5+ Kh7 42. Kxg4 1-0

[Event "BL 1819 OSG Baden-Baden - SC Viernheim"]
[Site "?"]
[Date "2019.03.03"]
[Round "11.7"]
[White "Libiszewski, Fabien"]
[Black "Vallejo Pons, Francisco"]
[Result "0-1"]
[WhiteElo "2496"]
[BlackElo "2698"]
[PlyCount "80"]
[EventDate "2019.??.??"]

1. e4 e5 2. Nf3 Nc6 3. Bc4 Nf6 4. d3 Bc5 5. O-O O-O 6. c3 d5 7. exd5 Nxd5 8.
Re1 Bg4 9. Nbd2 Nb6 10. b4 Be7 11. h3 Bh5 12. b5 Na5 13. g4 Bg6 14. Nxe5 Bf6
15. Nxg6 hxg6 16. Ne4 Naxc4 17. dxc4 Nxc4 18. Qxd8 Rfxd8 19. Nxf6+ gxf6 20. Bf4
Na3 21. Re7 Nxb5 22. Bxc7 Re8 23. Rxe8+ Rxe8 24. Ba5 Re2 25. Rb1 Nd6 26. Bc7
Ne4 27. Rxb7 Rxa2 28. Bd8 Kg7 29. h4 Rxf2 30. Rb4 Rf4 31. g5 fxg5 32. hxg5 Rg4+
33. Kh2 a5 34. Ra4 Kf8 35. Rxa5 Ke8 36. Ra8 Kd7 37. Kh3 Rg3+ 38. Kh4 Rxc3 39.
Ra4 Nf2 40. Rd4+ Kc8 0-1

[Event "BL 1819 SF Deizisau - SV Hockenheim"]
[Site "?"]
[Date "2019.03.03"]
[Round "11.3"]
[White "Cheparinov, Ivan"]
[Black "Bluebaum, Matthias"]
[Result "1-0"]
[WhiteElo "2683"]
[BlackElo "2616"]
[PlyCount "95"]
[EventDate "2019.??.??"]

1. e4 e6 2. d4 d5 3. Nc3 Nf6 4. e5 Nfd7 5. f4 c5 6. Nf3 Nc6 7. Be3 Be7 8. Qd2
a6 9. Bd3 b5 10. a3 O-O 11. O-O f5 12. exf6 Nxf6 13. Kh1 c4 14. Be2 b4 15. axb4
Bxb4 16. Qc1 Bxc3 17. bxc3 Ne4 18. Qe1 Bd7 19. Bc1 Qc7 20. Bxc4 Nxd4 21. cxd4
Qxc4 22. Ne5 Qc7 23. c4 a5 24. Ba3 Rfb8 25. Qh4 Re8 26. cxd5 exd5 27. Rfc1 Qa7
28. Bc5 Nxc5 29. dxc5 Bf5 30. h3 Be4 31. Qg4 Rac8 32. c6 Qe3 33. Re1 Qf2 34.
Re2 Qc5 35. Rea2 Ra8 36. Qd7 h6 37. Kh2 Kh7 38. Qg4 Re7 39. Ra3 d4 40. Ra4 Kg8
41. Rc4 Qa7 42. Rac1 Ree8 43. c7 Rac8 44. f5 Rxe5 45. f6 Rg5 46. Qxc8+ Kh7 47.
Qg4 Rxg4 48. hxg4 1-0

[Event "BL 1819 SF Deizisau - SV Hockenheim"]
[Site "?"]
[Date "2019.03.03"]
[Round "11.4"]
[White "Meier, Georg"]
[Black "Fedoseev, Vladimir"]
[Result "1-0"]
[WhiteElo "2621"]
[BlackElo "2715"]
[PlyCount "159"]
[EventDate "2019.??.??"]

1. Nf3 d5 2. g3 Nf6 3. Bg2 e6 4. O-O Be7 5. c4 O-O 6. d4 dxc4 7. Qc2 b6 8. Bg5
Nd5 9. Bxe7 Qxe7 10. e4 Nb4 11. Qc3 c5 12. Nbd2 Bb7 13. a3 N4a6 14. Nxc4 Bxe4
15. Rfe1 Bb7 16. Rad1 Nc7 17. dxc5 Qxc5 18. Qd3 Nc6 19. Nd6 Ba6 20. Qe4 Ne7 21.
Nxf7 Rxf7 22. Rc1 Qf5 23. Rxc7 Qxe4 24. Rxe4 Rc8 25. Rxa7 Rxf3 26. Rxa6 Rc1+
27. Bf1 Nd5 28. Kg2 Rb3 29. Bc4 Rxb2 30. Bxd5 exd5 31. Re7 h5 32. Raa7 Kh7 33.
Rxg7+ Kh6 34. h4 Rcc2 35. Rgf7 Kg6 36. Rf4 Rc6 37. Rd7 Rd2 38. a4 Re6 39. Rd8
Kg7 40. Rd7+ Kg6 41. Rd8 Kg7 42. Rf5 d4 43. Rxh5 Rf6 44. Rd7+ Kg6 45. Rg5+ Kh6
46. Kh3 Rdxf2 47. Rgd5 Ra2 48. Rxd4 Ra3 49. R7d6 Rxd6 50. Rxd6+ Kh5 51. Rd4 Kg6
52. Kg4 Rb3 53. Kf4 b5 54. a5 Ra3 55. Rd6+ Kg7 56. a6 b4 57. Ke4 Ra1 58. Rb6 b3
59. Rxb3 Rxa6 60. g4 Kh6 61. Kf4 Ra4+ 62. Kg3 Ra6 63. h5 Ra4 64. Kh4 Rc4 65.
Rb6+ Kh7 66. h6 Rc1 67. Kh5 Rh1+ 68. Kg5 Ra1 69. Rb7+ Kg8 70. Kh5 Ra5+ 71. g5
Rc5 72. Rg7+ Kh8 73. Re7 Kg8 74. Kg6 Rc6+ 75. Kf5 Rc5+ 76. Kf6 Rc6+ 77. Re6 Rc8
78. g6 Ra8 79. g7 Kh7 80. Kf7 1-0

[Event "BL 1819 SF Deizisau - SV Hockenheim"]
[Site "?"]
[Date "2019.03.03"]
[Round "11.7"]
[White "Ponomariov, Ruslan"]
[Black "Donchenko, Alexander"]
[Result "1/2-1/2"]
[WhiteElo "2667"]
[BlackElo "2593"]
[PlyCount "41"]
[EventDate "2019.??.??"]

1. d4 Nf6 2. c4 e6 3. Nf3 c5 4. d5 d6 5. Nc3 exd5 6. cxd5 g6 7. h3 a6 8. a4 Qe7
9. Bf4 Bg7 10. e3 Nbd7 11. Be2 O-O 12. O-O Rb8 13. Re1 Ne8 14. e4 Ne5 15. Nxe5
Bxe5 16. Qd2 Nf6 17. Bf1 Re8 18. Rad1 Bd4 19. b4 Nh5 20. Bh2 b6 21. b5 1/2-1/2

[Event "BL 1819 SF Deizisau - SV Hockenheim"]
[Site "?"]
[Date "2019.03.03"]
[Round "11.8"]
[White "Kollars, Dmitrij"]
[Black "Howell, David W L"]
[Result "1/2-1/2"]
[WhiteElo "2564"]
[BlackElo "2693"]
[PlyCount "50"]
[EventDate "2019.??.??"]

1. e4 c6 2. Nc3 d5 3. Nf3 g6 4. d4 Bg7 5. h3 dxe4 6. Nxe4 Nf6 7. Nxf6+ exf6 8.
Bd3 O-O 9. O-O Na6 10. c3 Nc7 11. Re1 b6 12. a4 a5 13. Bf4 Nd5 14. Qd2 Be6 15.
Re2 Nxf4 16. Qxf4 Qb8 17. Qxb8 Raxb8 18. Nd2 Bh6 19. Bc4 Bxd2 20. Bxe6 fxe6 21.
Rxd2 Rfd8 22. Kf1 Kf7 23. Ke2 Rd6 24. Ke3 Rbd8 25. f4 Ke7 1/2-1/2

[Event "BL 1819 SV Mülheim Nord 1931 - Hamburg"]
[Site "?"]
[Date "2019.03.03"]
[Round "11.2"]
[White "Tregubov, Pavel V"]
[Black "Svane, Rasmus"]
[Result "1/2-1/2"]
[WhiteElo "2589"]
[BlackElo "2610"]
[PlyCount "54"]
[EventDate "2019.??.??"]

1. d4 Nf6 2. c4 e6 3. Nc3 Bb4 4. e3 O-O 5. Bd3 d5 6. Nge2 c5 7. cxd5 cxd4 8.
exd4 Nxd5 9. O-O Nc6 10. Nxd5 exd5 11. Nf4 Re8 12. Be3 Bd6 13. Qf3 h6 14. Rfe1
Nb4 15. a3 Nxd3 16. Nxd3 Re4 17. h3 Bd7 18. Bf4 Bxf4 19. Nxf4 Rxd4 20. Nxd5 Bc6
21. Ne7+ Qxe7 22. Rxe7 Bxf3 23. gxf3 b6 24. Rc1 a5 25. Rc6 Rb8 26. Kg2 Rd5 27.
Re4 Rg5+ 1/2-1/2

[Event "BL 1819 SV Mülheim Nord 1931 - Hamburg"]
[Site "?"]
[Date "2019.03.03"]
[Round "11.3"]
[White "Huschenbeth, Niclas"]
[Black "Fridman, Daniel"]
[Result "1-0"]
[WhiteElo "2594"]
[BlackElo "2633"]
[PlyCount "117"]
[EventDate "2019.??.??"]

1. e4 e5 2. Nf3 Nf6 3. Nxe5 d6 4. Nf3 Nxe4 5. Nc3 Nxc3 6. dxc3 Be7 7. Be3 Nc6
8. Qd2 O-O 9. O-O-O Bf5 10. Kb1 Bf6 11. Rg1 Qd7 12. h3 Rae8 13. Be2 Be4 14. g4
a6 15. g5 Bd8 16. h4 f5 17. Bf4 Qe6 18. Rge1 b5 19. Nd4 Qf7 20. Nxc6 Bxc6 21.
h5 Re6 22. g6 hxg6 23. hxg6 Qxg6 24. Bh5 Qxh5 25. Rxe6 Be4 26. Rg1 Bf6 27. Bg5
Kf7 28. Rxe4 fxe4 29. Qd5+ Ke8 30. Qc6+ Kd8 31. Qa8+ Ke7 32. Qxe4+ Kd7 33. Bxf6
gxf6 34. b3 Qe8 35. Qd5 Rf7 36. Kb2 Re7 37. Rg8 Qf7 38. Qg2 d5 39. Ra8 Qe6 40.
Qg6 f5 41. Qh5 Qf6 42. Qh1 Qe5 43. f4 Qe6 44. Qh8 Re8 45. Qh7+ Re7 46. Qh8 Re8
47. Rxe8 Qxe8 48. Qh7+ Kc6 49. Qxf5 a5 50. Qf6+ Kb7 51. Qd4 Qe6 52. a4 bxa4 53.
Qxa4 Qf5 54. Qb5+ Kc8 55. Qe8+ Kb7 56. Qe5 Qd7 57. f5 a4 58. bxa4 Qc6 59. Qe7
1-0

[Event "BL 1819 SV Mülheim Nord 1931 - Hamburg"]
[Site "?"]
[Date "2019.03.03"]
[Round "11.4"]
[White "Beerdsen, Thomas"]
[Black "Lampert, Jonas"]
[Result "1/2-1/2"]
[WhiteElo "2476"]
[BlackElo "2544"]
[PlyCount "92"]
[EventDate "2019.??.??"]

1. e4 e5 2. Nf3 Nc6 3. Bc4 Nf6 4. d3 Bc5 5. c3 d6 6. O-O h6 7. Re1 a5 8. d4 Bb6
9. h3 O-O 10. dxe5 Nxe5 11. Nxe5 dxe5 12. Qxd8 Rxd8 13. Nd2 Bd7 14. Bb3 a4 15.
Bc2 Be6 16. Nf1 Nd7 17. Be3 Bxe3 18. Nxe3 Nc5 19. Kf1 Ra6 20. f3 Rad6 21. h4 b5
22. Red1 Rxd1+ 23. Bxd1 Rd2 24. b4 axb3 25. Bxb3 Nxb3 26. axb3 Rd3 27. Nd5 Bxd5
28. exd5 Rxc3 29. Ra8+ Kh7 30. Rc8 Rc5 31. h5 g6 32. b4 Rxd5 33. Rxc7 Kg7 34.
hxg6 Kxg6 35. Rb7 f5 36. g3 e4 37. Ke2 Kg5 38. Rb6 exf3+ 39. Kxf3 Rd3+ 40. Kf2
Rd5 41. Ke3 h5 42. Rb8 Rd1 43. Rg8+ Kf6 44. Rf8+ Kg5 45. Rg8+ Kf6 46. Rf8+ Kg5
{Ke4} 1/2-1/2

[Event "BL 1819 SV Mülheim Nord 1931 - Hamburg"]
[Site "?"]
[Date "2019.03.03"]
[Round "11.5"]
[White "Ernst, Sipke"]
[Black "Vrolijk, Liam"]
[Result "1/2-1/2"]
[WhiteElo "2533"]
[BlackElo "2459"]
[PlyCount "119"]
[EventDate "2019.??.??"]

1. Nf3 d5 2. d4 Nf6 3. c4 e6 4. cxd5 exd5 5. Bg5 c6 6. Nc3 Be7 7. Qc2 g6 8. e4
dxe4 9. Bxf6 Bxf6 10. Qxe4+ Qe7 11. Bc4 Bf5 12. Qxe7+ Kxe7 13. O-O-O Nd7 14. h4
Nb6 15. Bb3 Rad8 16. Rhe1+ Kf8 17. Ne5 Nd5 18. Nxd5 cxd5 19. g3 Kg7 20. Kd2 Be6
21. Rc1 Rc8 22. Ba4 Rhd8 23. a3 Bf5 24. Bb5 Kf8 25. f4 Rxc1 26. Rxc1 Rc8 27.
Rc5 Be7 28. Rxc8+ Bxc8 29. Bd7 Bxd7 30. Nxd7+ Ke8 31. Ne5 Bd6 32. Nd3 Kd7 33.
Ke3 f6 34. Kf3 b6 35. g4 h6 36. h5 g5 37. fxg5 fxg5 38. Ke3 a6 39. Ne1 Kc6 40.
Nc2 Bf4+ 41. Kd3 Bd6 42. Kc3 Kd7 43. Ne3 Kc6 44. Nc2 Kd7 45. b4 Kc6 46. Kb3 Bf8
47. Ne3 Bd6 48. Nf5 Bf8 49. Ka4 Kc7 50. Ne3 Kc6 51. Kb3 Bd6 52. a4 Bf8 53. Kc3
a5 54. Nc2 Be7 55. Kb3 Bf8 56. bxa5 bxa5 57. Ne1 Bd6 58. Nd3 Kd7 59. Kc3 Ke6
60. Kc2 {Ke5} 1/2-1/2

[Event "BL 1819 SV Mülheim Nord 1931 - Hamburg"]
[Site "?"]
[Date "2019.03.03"]
[Round "11.7"]
[White "Sebastian, Dirk"]
[Black "Zelbel, Patrick"]
[Result "1-0"]
[WhiteElo "2447"]
[BlackElo "2439"]
[PlyCount "81"]
[EventDate "2019.??.??"]

1. e4 e5 2. Nf3 Nc6 3. Bc4 Nf6 4. d3 h6 5. Nbd2 d6 6. c3 g5 7. h3 Bg7 8. Nf1
Ne7 9. Ne3 c6 10. Bb3 Qc7 11. h4 g4 12. Nh2 h5 13. f3 d5 14. fxg4 hxg4 15.
Nhxg4 Nxg4 16. Nxg4 f5 17. exf5 Bxf5 18. Bg5 e4 19. Ne3 Qg3+ 20. Kd2 d4 21.
cxd4 Bxd4 22. Qe1 Bxe3+ 23. Qxe3 Qe5 24. d4 O-O-O 25. Rad1 c5 26. Qf4 Qxf4+ 27.
Bxf4 cxd4 28. Rc1+ Nc6 29. Rc5 e3+ 30. Ke2 Bg4+ 31. Kd3 Rhf8 32. g3 Kd7 33. Bd1
Be6 34. Bf3 Bf5+ 35. Rxf5 Rxf5 36. Bg4 Ke6 37. Ke4 Rdd5 38. h5 Kf6 39. Bxf5
Rxf5 40. h6 Ne5 41. h7 1-0

[Event "BL 1819 SV Mülheim Nord 1931 - Hamburg"]
[Site "?"]
[Date "2019.03.03"]
[Round "11.8"]
[White "Buckels, Valentin"]
[Black "Carlstedt, Jonathan"]
[Result "0-1"]
[WhiteElo "2458"]
[BlackElo "2422"]
[PlyCount "98"]
[EventDate "2019.??.??"]

1. d4 Nf6 2. c4 e6 3. g3 Bb4+ 4. Bd2 Qe7 5. Bg2 Nc6 6. e3 Bxd2+ 7. Qxd2 d5 8.
Ne2 dxc4 9. O-O O-O 10. Qc3 e5 11. d5 Nb4 12. e4 Bg4 13. Nc1 b5 14. a3 a5 15.
b3 Na6 16. bxc4 b4 17. axb4 axb4 18. Qb2 Nd7 19. h3 Bh5 20. g4 Bg6 21. Nd3 Qd6
22. Nd2 f6 23. Ra5 Nac5 24. Rxa8 Rxa8 25. Nxb4 Rb8 26. Qa3 Nxe4 27. Bxe4 Qxb4
28. Qxb4 Rxb4 29. Bxg6 hxg6 30. Ra1 Nb6 31. Rc1 f5 32. g5 Kf8 33. Kf1 Ke7 34.
Ke2 Rb2 35. Kd1 Ra2 36. Rb1 Kd6 37. c5+ Kxc5 38. Rc1+ Kd4 39. Ke2 Kxd5 40. Rxc7
Nc4 41. Rxg7 Rxd2+ 42. Ke1 Rd3 43. h4 Rh3 44. Rxg6 Rxh4 45. Rf6 Nd6 46. g6 e4
47. Ke2 Rg4 48. f3 Rg2+ 49. Ke3 Ke5 {Kd4+} 0-1

[Event "BL 1819 SV Werder Bremen - SG Turm Kiel"]
[Site "?"]
[Date "2019.03.03"]
[Round "11.1"]
[White "Salgado Lopez, Ivan"]
[Black "McShane, Luke J"]
[Result "0-1"]
[WhiteElo "2622"]
[BlackElo "2661"]
[PlyCount "134"]
[EventDate "2019.??.??"]

1. d4 Nf6 2. c4 g6 3. Nc3 d5 4. Nf3 Bg7 5. Qb3 dxc4 6. Qxc4 O-O 7. e4 a6 8. e5
b5 9. Qb3 Nfd7 10. e6 fxe6 11. Be3 Nf6 12. g3 Nc6 13. Bg2 Rb8 14. Rd1 Nd5 15.
O-O Na5 16. Qc2 Nc4 17. Bc1 Nxc3 18. Qxc3 Bb7 19. b3 Nd6 20. Rfe1 Nf5 21. Bf4
Bxf3 22. Qxf3 Nxd4 23. Qe4 Rxf4 24. gxf4 Qd6 25. Bh3 Kf7 26. Kh1 Rb6 27. Rd3 c5
28. Red1 a5 29. Bg2 Rb8 30. h4 Bh6 31. Bh3 Rd8 32. Re1 Bxf4 33. Bxe6+ Kg7 34.
Bh3 e5 35. Bg2 c4 36. bxc4 bxc4 37. Rh3 c3 38. Rxc3 Bd2 39. Rh3 Bxe1 40. Qxe1
a4 41. h5 Ne6 42. h6+ Kf6 43. Qa5 Nf4 44. Rc3 Kg5 45. Qxa4 Qd1+ 46. Qxd1 Rxd1+
47. Kh2 Rd2 48. Bf1 Rxf2+ 49. Kg1 Rxa2 50. Rc5 Ne2+ 51. Kh2 Kh4 52. Rxe5 Nd4+
53. Kh1 Rh2+ 54. Kxh2 Nf3+ 55. Kg2 Nxe5 56. Bb5 Kg5 57. Kg3 Nf7 58. Bc4 Nxh6
59. Kf3 Nf5 60. Bg8 h5 61. Bf7 Kf6 62. Be8 Nd6 63. Bd7 Ke5 64. Kg3 Nf5+ 65. Kh2
g5 66. Be8 Ng7 67. Bf7 g4 0-1

[Event "BL 1819 SV Werder Bremen - SG Turm Kiel"]
[Site "?"]
[Date "2019.03.03"]
[Round "11.2"]
[White "Efimenko, Zahar"]
[Black "Khenkin, Igor"]
[Result "1/2-1/2"]
[WhiteElo "2638"]
[BlackElo "2546"]
[PlyCount "85"]
[EventDate "2019.??.??"]

1. e4 c6 2. d4 d5 3. e5 c5 4. Ne2 Nc6 5. c3 e6 6. Nd2 Qb6 7. Nf3 f6 8. Nf4 cxd4
9. cxd4 Bb4+ 10. Bd2 Nge7 11. a3 Bxd2+ 12. Qxd2 Nf5 13. exf6 gxf6 14. Rd1 Bd7
15. b4 O-O-O 16. Be2 Ncxd4 17. Nxd4 Nxd4 18. Nxd5 exd5 19. Qxd4 Rhe8 20. Qxb6
axb6 21. Kd2 Kc7 22. Bd3 h6 23. Rhe1 Kd6 24. Rxe8 Rxe8 25. Kc3 Ra8 26. Kb2 Rg8
27. g3 Re8 28. Kc3 Bg4 29. Ra1 Be2 30. Bg6 Rc8+ 31. Kd2 Bb5 32. a4 Bd7 33. Bd3
Ke5 34. a5 bxa5 35. bxa5 Rc5 36. a6 bxa6 37. Rxa6 Rc6 38. Ra7 Bf5 39. Re7+ Kd6
40. Rg7 Ke6 41. Bxf5+ Kxf5 42. Rh7 Kg6 43. Rd7 1/2-1/2

[Event "BL 1819 SV Werder Bremen - SG Turm Kiel"]
[Site "?"]
[Date "2019.03.03"]
[Round "11.3"]
[White "Glud, Jakob Vang"]
[Black "Edouard, Romain"]
[Result "1/2-1/2"]
[WhiteElo "2551"]
[BlackElo "2658"]
[PlyCount "44"]
[EventDate "2019.??.??"]

1. c4 c5 2. g3 g6 3. Bg2 Bg7 4. Nc3 Nc6 5. Nf3 d6 6. O-O e6 7. a3 Nge7 8. b4
O-O 9. Rb1 b6 10. e3 d5 11. d4 cxd4 12. Nxd4 Bb7 13. Nxc6 Bxc6 14. cxd5 Nxd5
15. Nxd5 Bxd5 16. Bxd5 Qxd5 17. Qxd5 exd5 18. Rd1 Rfd8 19. Bb2 Rac8 20. Rd3 Rc2
21. Bxg7 Kxg7 22. Rbd1 Ra2 1/2-1/2

[Event "BL 1819 SV Werder Bremen - SG Turm Kiel"]
[Site "?"]
[Date "2019.03.03"]
[Round "11.6"]
[White "Werle, Jan"]
[Black "Stopa, Jacek"]
[Result "1/2-1/2"]
[WhiteElo "2552"]
[BlackElo "2431"]
[PlyCount "103"]
[EventDate "2019.??.??"]

1. d4 e6 2. c4 f5 3. Nf3 Nf6 4. g3 d5 5. Bg2 c6 6. O-O Bd6 7. b3 Qe7 8. a4 O-O
9. Ba3 Bd7 10. e3 Be8 11. Bxd6 Qxd6 12. Nbd2 Bh5 13. Qc2 Bxf3 14. Nxf3 Ne4 15.
Ne5 Nd7 16. Nd3 Qe7 17. Rfe1 Qf6 18. Qb2 Rad8 19. Re2 h5 20. f3 Ng5 21. Kh1 Qh6
22. cxd5 exd5 23. f4 Ne4 24. Bxe4 dxe4 25. Ne5 Nxe5 26. fxe5 h4 27. Rg1 hxg3
28. Reg2 gxh2 29. Rxg7+ Qxg7 30. Rxg7+ Kxg7 31. Qg2+ Kf7 32. Qg5 Ke6 33. b4 Kd5
34. Qg2 Kc4 35. Qc2+ Kxb4 36. Qb2+ Kc4 37. Qxb7 Rh8 38. Qxc6+ Kd3 39. Qb5+ Kxe3
40. Qf1 Kxd4 41. Qxf5 e3 42. Qf1 Rc8 43. e6 e2 44. Qf4+ Kd3 45. Qf3+ Kd2 46.
Qf4+ Kc2 47. Qe3 Kd1 48. Qd4+ Ke1 49. Qb4+ Kd1 50. Qd4+ Kc2 51. Qe3 Kd1 52.
Qd4+ 1/2-1/2

[Event "BL 1819 SV Werder Bremen - SG Turm Kiel"]
[Site "?"]
[Date "2019.03.03"]
[Round "11.7"]
[White "Hoi, Carsten"]
[Black "Markgraf, Alexander"]
[Result "1/2-1/2"]
[WhiteElo "2359"]
[BlackElo "2497"]
[PlyCount "105"]
[EventDate "2019.??.??"]

1. d4 f5 2. Nf3 Nf6 3. Bg5 e6 4. Nbd2 Be7 5. c3 O-O 6. Qc2 d5 7. Bxf6 Bxf6 8.
e3 c5 9. h3 Qc7 10. g4 cxd4 11. exd4 Nc6 12. Bd3 Qf4 13. O-O-O Bd7 14. Kb1 Rfc8
15. Qb3 b5 16. gxf5 Na5 17. Qb4 Nc4 18. fxe6 Bxe6 19. Qb3 Rab8 20. Ka1 b4 21.
cxb4 Na5 22. Qa3 Nc6 23. b5 Nxd4 24. Nxd4 Bxd4 25. Nb3 Bb6 26. Rhe1 Re8 27. Nc5
Bf7 28. Rg1 Qxf2 29. Nd7 Qxg1 30. Rxg1 Bxg1 31. Qb4 Rbc8 32. Nf6+ gxf6 33. Qg4+
Kh8 34. Qxg1 Rg8 35. Qf1 Kg7 36. b3 Bg6 37. Kb2 Rge8 38. a4 Re3 39. Bxg6 hxg6
40. Qd1 Rd8 41. Qd4 Re2+ 42. Ka3 Rd7 43. Qg4 Rde7 44. Qd4 Rd7 45. Qg4 Ree7 46.
h4 d4 47. h5 g5 48. Qf5 Rf7 49. Qg6+ Kf8 50. h6 d3 51. h7 Rxh7 52. Qxf6+ Ke8
53. Qg6+ 1/2-1/2

[Event "BL 1819 SG Solingen - SV 1920 Hofheim"]
[Site "?"]
[Date "2019.03.03"]
[Round "11.1"]
[White "Volokitin, Andrei"]
[Black "Ragger, Markus"]
[Result "1-0"]
[WhiteElo "2635"]
[BlackElo "2696"]
[PlyCount "97"]
[EventDate "2019.??.??"]

1. e4 e5 2. Nf3 Nc6 3. Bb5 Nf6 4. O-O Nxe4 5. d4 Nd6 6. Bxc6 dxc6 7. dxe5 Nf5
8. Qxd8+ Kxd8 9. h3 Ke8 10. Nc3 b6 11. Rd1 Bb4 12. Ne2 Bb7 13. Ned4 Nxd4 14.
Nxd4 Bc5 15. Nf5 Rg8 16. g4 h5 17. Be3 Bxe3 18. Nxe3 hxg4 19. hxg4 Ke7 20. f4
c5 21. Kf2 g5 22. Kg3 Ke6 23. f5+ Kxe5 24. Rd7 Kf6 25. Rxc7 Rge8 26. Re1 Be4
27. Rd1 Rad8 28. Rxd8 Rxd8 29. Rxa7 Rd2 30. Ra6 Re2 31. Rxb6+ Ke5 32. Nc4+ Kd4
33. Nd6 Rg2+ 34. Kh3 Rg1 35. Nxf7 Rh1+ 36. Kg3 Rg1+ 37. Kh3 Rh1+ 38. Kg3 Rg1+
39. Kf2 Rg2+ 40. Kf1 Rxg4 41. f6 Ke3 42. Ne5 Rf4+ 43. Ke1 Bxc2 44. f7 Kd4 45.
Rb8 Kxe5 46. f8=Q Rxf8 47. Rxf8 g4 48. Kf2 Ke4 49. Rd8 {Kd5} 1-0

[Event "BL 1819 SG Solingen - SV 1920 Hofheim"]
[Site "?"]
[Date "2019.03.03"]
[Round "11.2"]
[White "Van Wely, Loek"]
[Black "Schroeder, Jan-Christian"]
[Result "1/2-1/2"]
[WhiteElo "2612"]
[BlackElo "2581"]
[PlyCount "108"]
[EventDate "2019.??.??"]

1. Nf3 d5 2. c4 e6 3. g3 Nf6 4. Bg2 Be7 5. O-O O-O 6. b3 c5 7. Bb2 Nc6 8. e3 b6
9. Nc3 Bb7 10. cxd5 Nxd5 11. Nxd5 Qxd5 12. d4 Qf5 13. dxc5 Rad8 14. Qe2 Bxc5
15. Rac1 Qh5 16. a3 a5 17. Qc4 Rd7 18. g4 Qh6 19. Rfd1 Rfd8 20. Rxd7 Rxd7 21.
b4 axb4 22. axb4 Bf8 23. Qb5 Qg6 24. h3 Qd3 25. Qxd3 Rxd3 26. b5 Na7 27. Ne5
Rb3 28. Bxb7 Rxb2 29. Ba6 g6 30. Nd7 Be7 31. Nxb6 Nxb5 32. Nc4 Rb4 33. Ne5 Bf6
34. Nd7 Kg7 35. Kg2 Rb2 36. Bxb5 Rxb5 37. Rc7 Bd8 38. Ra7 h5 39. f4 hxg4 40.
hxg4 Bf6 41. g5 Bb2 42. Rc7 e5 43. Nc5 exf4 44. exf4 Kg8 45. Kf3 Bd4 46. Ne4
Rb3+ 47. Kg4 Rb6 48. Rd7 f5+ 49. gxf6 Bxf6 50. Nxf6+ Rxf6 51. Kg5 Rf5+ 52. Kxg6
Rxf4 53. Rd8+ Rf8 54. Rxf8+ Kxf8 1/2-1/2

[Event "BL 1819 SG Solingen - SV 1920 Hofheim"]
[Site "?"]
[Date "2019.03.03"]
[Round "11.3"]
[White "Perske, Thore"]
[Black "Predojevic, Borki"]
[Result "1/2-1/2"]
[WhiteElo "2443"]
[BlackElo "2623"]
[PlyCount "91"]
[EventDate "2019.??.??"]

1. d4 d6 2. e4 Nf6 3. Nc3 e5 4. Nf3 Nbd7 5. Bc4 Be7 6. O-O O-O 7. Re1 c6 8. a4
h6 9. a5 Re8 10. d5 b5 11. axb6 Nxb6 12. Bb3 cxd5 13. Nxd5 Nfxd5 14. exd5 Bg4
15. h3 Bh5 16. g4 Bg6 17. Be3 a5 18. c4 Qb8 19. Ra3 Rc8 20. Nd2 a4 21. Ba2 Nxd5
22. cxd5 Qxb2 23. Nc4 Rxc4 24. Bc1 Qb4 25. Bxc4 Qxc4 26. Qd2 Bg5 27. Qa2 Qb4
28. Rf1 Be4 29. Bxg5 hxg5 30. Ra1 Qc5 31. Rxa4 Rxa4 32. Qxa4 Bxd5 33. Qd1 Be4
34. Qd2 f6 35. Rc1 Qa3 36. Qe3 Qxe3 37. fxe3 d5 38. Kf2 g6 39. Rc7 Kf8 40. Ra7
f5 41. Ra8+ Ke7 42. Ra7+ Kf6 43. Ra6+ Kf7 44. Ra7+ Kf6 45. Ra6+ Kf7 46. Ra7+
1/2-1/2

[Event "BL 1819 SG Solingen - SV 1920 Hofheim"]
[Site "?"]
[Date "2019.03.03"]
[Round "11.4"]
[White "Andersen, Mads"]
[Black "Ginsburg, Gennadi"]
[Result "1/2-1/2"]
[WhiteElo "2599"]
[BlackElo "2423"]
[PlyCount "67"]
[EventDate "2019.??.??"]

1. c4 e6 2. g3 d5 3. Bg2 Nf6 4. Nf3 c5 5. O-O Nc6 6. d4 Be7 7. cxd5 exd5 8.
dxc5 Bxc5 9. Qc2 Bb6 10. Nc3 O-O 11. Na4 h6 12. Nxb6 Qxb6 13. b3 Bg4 14. Bb2
Ne4 15. Rad1 Rfe8 16. Qb1 Rad8 17. Qa1 f6 18. Nd4 Bh5 19. Rfe1 Ne5 20. f3 Nd6
21. Kh1 Bf7 22. Rd2 Nb5 23. Red1 Nc6 24. Nf5 d4 25. Bf1 Qa5 26. Nxd4 Nbxd4 27.
Bxd4 Nxd4 28. Rxd4 Rxd4 29. Qxd4 Qxa2 30. b4 Qb3 31. Rd3 Qb1 32. Rd1 Qb3 33.
Rd3 Qb1 34. Rd1 1/2-1/2